The cost of discipleship. (Record no. 7407)

000 -LEADER
fixed length control field 00920nam a2200229 a 4500
001 - CONTROL NUMBER
control field :::00005168$&:&@@
003 - CONTROL NUMBER IDENTIFIER
control field OkBaRHE
005 - DATE AND TIME OF LATEST TRANSACTION
control field 20100401144933.0
008 - FIXED-LENGTH DATA ELEMENTS--GENERAL INFORMATION
fixed length control field s1959 j 000 0 eng u
040 ## - CATALOGING SOURCE
Transcribing agency
100 1# - MAIN ENTRY--PERSONAL NAME
Personal name Bonhoeffer, Dietrich, 1906-1945.
245 14 - TITLE STATEMENT
Title The cost of discipleship.
Statement of responsibility, etc [Translated from the German by R. H. Fuller, with some revision by Irmgard Booth].
250 ## - EDITION STATEMENT
Edition statement Rev. [i.e. 2d] & unabridged ed. containing material not previously translated.
260 ## - PUBLICATION, DISTRIBUTION, ETC. (IMPRINT)
Place of publication, distribution, etc New York, NY., :
Name of publisher, distributor, etc Macmillan
Date of publication, distribution, etc 1959
300 ## - PHYSICAL DESCRIPTION
Extent 352 p.
650 ## - SUBJECT ADDED ENTRY--TOPICAL TERM
Topical term or geographic name as entry element Bible New Testament Sermon on the Mount
650 ## - SUBJECT ADDED ENTRY--TOPICAL TERM
Topical term or geographic name as entry element Sermon on the Mount
730 ## - ADDED ENTRY--UNIFORM TITLE
Uniform title Nachfolge--English
942 ## - ADDED ENTRY ELEMENTS (KOHA)
Source of classification or shelving scheme
Koha item type Books
Copies
Koha item type Not for loan Damaged status Shelving location Full call number Lost status Permanent Location Withdrawn status Date acquired Date last seen Barcode Source of classification or shelving scheme Copy number Price effective from
Books  General StacksBT 380 .B66 1959 RHEMA Bible Training College 2010-04-142010-04-145168 12010-04-14
Books  General StacksBT 380 .B66 1959 RHEMA Bible Training College 2010-04-142010-04-1418816 22010-04-14